AC Milan Players - Sudden Death - Statistics

General Stats
  • This quiz has been taken 2,167 times
  • The average score is 9 of 15
Answers on the Grid
Answers color-coded by a green-red scale on the quiz's grid according to % correct below.
Alessandro Costacurta
Alessandro Del Piero
Andrea Barzagli
Andrea Pirlo
Andriy Shevchenko
Antonio Valencia
Arjen Robben
Bastian Schweinsteiger
Carlos Tevez
Cesare Maldini
Christian Abbiati
Clarence Seedorf
David Trezeguet
Diego Maradona
Dino Zoff
Dries Mertens
Edwin van der Sar
Esteban Cambiasso
Eusébio
Francesco Totti
Franco Baresi
Frank de Boer
Gennaro Gattuso
Gianluigi Buffon
Gianluigi Donnarumma
Giovanni Trapattoni
Giovanni van Bronckhorst
Ignazio Abate
Javier Zanetti
Johan Cruyff
Jordi Cruyff
Kaká
Lothar Matthäus
Luís Figo
Marco Materazzi
Marek Hamšík
Massimo Ambrosini
Michael Laudrup
Paolo Maldini
Patrice Evra
Peter Schmeichel
Samir Handanović
Stefan de Vrij
Wayne Rooney
Xavi
Youri Djorkaeff
Zinedine Zidane
Zlatan Ibrahimović
 
Answer Stats
Answer % Correct
Andrea Pirlo
88%
Andriy Shevchenko
82%
Clarence Seedorf
75%
Cesare Maldini
71%
Alessandro Costacurta
70%
Gennaro Gattuso
68%
Gianluigi Donnarumma
66%
Franco Baresi
64%
Kaká
63%
Paolo Maldini
61%
Zlatan Ibrahimović
60%
Christian Abbiati
57%
Ignazio Abate
48%
Massimo Ambrosini
44%
Giovanni Trapattoni
25%
No matching quizzes found
Score Distribution
Percent of People with Each Score
Percentile by Number Answered
Your Score History
You have not taken this quiz